| 000 | 01358nam a2200229 a 4500 | ||
|---|---|---|---|
| 008 | 190709s2005 ||||||||||||||||| || u | ||
| 020 | _a9788122416909 | ||
| 050 | _aTD 791 Nag | ||
| 100 | _aVizayakumar, K | ||
| 245 | 1 | 0 |
_aEnvironmental education and solid waste management _cBy A. Nag ; K. Vizayakumar |
| 260 |
_aNew Delhi _bNew Age International (P) Limited, Publishers _c2005 |
||
| 300 | _aviii, 95 pages : illustrations | ||
| 350 | _a35.00 | ||
| 650 | _aENVIRONMENTAL EDUCATION | ||
| 650 | _aREFUSE AND REFUSE DISPOSAL | ||
| 700 | _aNag, A | ||
| 995 |
_aSHORT LOAN BOOKS _e750082 _FCBU-MAIN LIBRARY (Kitwe) _I35.00 _jTD 791 Nag _M5 _UAVAILABLE _WNov 27, 2019 _y750082 _ZShort Loan Collection |
||
| 995 |
_aMAIN LIBRARY OPEN ACCESS _D35.00 _e749372 _FCBU-MAIN LIBRARY (Kitwe) _jTD 791 Nag _M2 _UAVAILABLE _WJul 11, 2019 _y749372 _ZMain Library Open Access Collection |
||
| 995 |
_aMAIN LIBRARY OPEN ACCESS _D35.00 _e749373 _FCBU-MAIN LIBRARY (Kitwe) _jTD 791 Nag _M1 _UAVAILABLE _WJul 11, 2019 _y749373 _ZMain Library Open Access Collection |
||
| 995 |
_aMAIN LIBRARY OPEN ACCESS _D35.00 _e749375 _FCBU-MAIN LIBRARY (Kitwe) _jTD 791 Nag _M4 _UAVAILABLE _WJul 11, 2019 _y749375 _ZMain Library Open Access Collection |
||
| 995 |
_aMAIN LIBRARY OPEN ACCESS _D35.00 _e749374 _FCBU-MAIN LIBRARY (Kitwe) _jTD 791 Nag _M3 _UAVAILABLE _WJul 11, 2019 _y749374 _ZMain Library Open Access Collection |
||
| 999 |
_c62733 _d62733 |
||